000
00320nam a22001337a 4500
003
OSt
008
220511b ||||| |||| 00| 0 eng d
100
_a
CHANDAVARKAR,G.A.
245
_a
Hindu Ethics
260
_a
New Delhi
_b
Chaukhamba Sanskrit Pratishrhan
_c
2005
300
_a
160
650
_a
General
942
_2
ddc
_c
BK
999
_c
11211
_d
11211